Statistics for Answers Begin and End with the Same Letter

Click here to take the quiz!

General Stats

  • This quiz has been taken 37,795 times
    (10,556 since last reset)
  • The average score is 17 of 26

Answer Stats

Letter Clue Word % Correct
EJapan had a big one in 2011Earthquake
90%
WCapital of PolandWarsaw
89%
A
Country on the Adriatic Sea whose flag looks like this:
Albania
87%
HA word that comes before jump, noon, and fidelityHigh
86%
YSynonym of deliciousYummy
86%
ZThe sound of sleeping?ZZZ
86%
KInuit watercraft similar to a canoeKayak
85%
DFifth most common name for men in the U.S.David
84%
NNon-charged subatomic particleNeutron
80%
CPertaining to the heartCardiac
78%
TPoseidon's weapon of choiceTrident
77%
XPhotocopier makerXerox
76%
GChinese percussion instrumentGong
73%
MOne who speaks to spiritsMedium
71%
ISecret society that controls the world (according to conspiracy theorists)Illuminati
70%
PMr. Seymour HoffmanPhillip
64%
BPhilistine god - now another name for the devilBeelzebub
62%
UAboriginal name of Ayers RockUluru
59%
LSlander in writingLibel
59%
RSharp slender sword commonly used by duelistsRapier
53%
FLand owned by the feudal lordFief
45%
OThe Moor of VeniceOthello
42%
SPlant used to flavor root beerSassafras
32%
VCzech first name sometimes translated in English as WenceslausVáclav
18%
QThe fourth largest city in Greenland, formerly known as JulianehåbQaqortoq
5%
JTown in the Guatemalan department of El QuichéJoyabaj
4%

Score Distribution

Percentile by Number Answered

Percent of People with Each Score

Your Score History

You have not taken this quiz since the last reset